| 000 | 00452nam a2200181Ia 4500 | ||
|---|---|---|---|
| 001 | 24403 | ||
| 005 | 20260414151040.0 | ||
| 008 | 260414t2011||||xx |||||||||||||| ||spa|| | ||
| 041 | _aESP | ||
| 082 |
_a345.7 _bG312E |
||
| 110 | _aGaceta Jurídica | ||
| 245 | 0 |
_aEstudios sobre los medios impugnatorios en el proceso civil _b |
|
| 260 | _c2011 | ||
| 300 |
_a494 páginas : _c25 cm. |
||
| 650 | _aDER | ||
| 654 | _aCDE | ||
| 942 |
_cLIB _dJUS _fJUS _2ddc _n |
||
| 999 |
_c24403 _d24403 |
||